Say it with charts : (Record no. 345557)
[ view plain ]
| 000 -LEADER | |
|---|---|
| fixed length control field | 01717 a2200205 4500 |
| 020 ## - INTERNATIONAL STANDARD BOOK NUMBER | |
| International Standard Book Number | 1556234473 |
| 020 ## - INTERNATIONAL STANDARD BOOK NUMBER | |
| International Standard Book Number | 9781556234477 |
| 082 04 - DEWEY DECIMAL CLASSIFICATION NUMBER | |
| Classification number | 658.45 |
| 090 ## - LOCALLY ASSIGNED LC-TYPE CALL NUMBER (OCLC); LOCAL CALL NUMBER (RLIN) | |
| -- | 3068 |
| -- | 3068 |
| 100 1# - MAIN ENTRY--PERSONAL NAME | |
| Personal name | Zelazny, Gene. |
| 245 10 - TITLE STATEMENT | |
| Title | Say it with charts : |
| Remainder of title | the executive's guide to successful presentations in the 1990s / |
| Statement of responsibility, etc. | Gene Zelazny. |
| 250 ## - EDITION STATEMENT | |
| Edition statement | 2nd ed. |
| 260 ## - PUBLICATION, DISTRIBUTION, ETC. | |
| Place of publication, distribution, etc. | [S.l.] : |
| Name of publisher, distributor, etc. | Irwin Professional Pub, |
| Date of publication, distribution, etc. | 1991. |
| 300 ## - PHYSICAL DESCRIPTION | |
| Extent | 160 p. ; |
| Dimensions | 24 cm. |
| 500 ## - GENERAL NOTE | |
| General note | Hardcover. |
| 520 ## - SUMMARY, ETC. | |
| Summary, etc. | Step-by-step guide to creating compelling, memorable presentations A chart that once took ten hours to prepare can now be produced by anyone with ten minutes and a computer keyboard. What hasn't changed, however, are the basics behind creating a powerful visual - what to say, why to say it, and how to say it for the most impact. In Say It With Charts, Fourth Edition --the latest, cutting-edge edition of his best-selling presentation guide -- Gene Zelazny reveals time-tested tips for preparing effective presentations. Then, this presentation guru shows you how to combine those tips with today's hottest technologies for sharper, stronger visuals. Look to this comprehensive presentation encyclopedia for information on: * How to prepare different types of charts -- pie, bar, column, line, or dot -- and when to use each * Lettering size, color choice, appropriate chart types, and more * Techniques for producing dramatic eVisuals using animation, scanned images, sound, video, and links to pertinent websites. |
| 856 40 - ELECTRONIC LOCATION AND ACCESS | |
| Materials specified | Amazon.com |
| Uniform Resource Identifier | <a href="http://www.amazon.com/exec/obidos/ASIN/1556234473/chopaconline-20">http://www.amazon.com/exec/obidos/ASIN/1556234473/chopaconline-20</a> |
| 856 40 - ELECTRONIC LOCATION AND ACCESS | |
| Materials specified | Amazon customer reviews |
| Uniform Resource Identifier | <a href="http://www.chopac.org/cgi-bin/tools/azrev.pl?q=1556234473">http://www.chopac.org/cgi-bin/tools/azrev.pl?q=1556234473</a> |
| 942 ## - ADDED ENTRY ELEMENTS (KOHA) | |
| Institution code [OBSOLETE] | NBS |
| Koha item type | Book |
| Call number prefix | 658.45 ZEL |
| Withdrawn status | Lost status | Damaged status | Not for loan | Permanent Location | Current Location | Date acquired | Total Checkouts | Full call number | Barcode | Date last seen | Price effective from | Koha item type |
|---|---|---|---|---|---|---|---|---|---|---|---|---|
| Central Library (CL) | Central Library (CL) | 08/28/2013 | 658.45 ZEL | NBS171 | 08/28/2013 | 08/28/2013 | Book |
